Den sindriige Adelsmand Don Quixote of la Manchas (Record no. 2730)

MARC details
000 -CABECERA
campo de control de longitud fija 01798nam a2200337 a 4500
001 - NÚMERO DE CONTROL
campo de control BRCA_2991
005 - FECHA Y HORA DE LA ÚLTIMA TRANSACCIÓN
campo de control 20190320204047.0
008 - DATOS DE LONGITUD FIJA--INFORMACIÓN GENERAL
campo de control de longitud fija 160109s1865----dk-#---###---#000-0#dan-u
041 ## - CÓDIGO DE LENGUA
Código de lengua del texto/banda sonora o título independiente dan
044 ## - CÓDIGO DEL PAÍS DE LA ENTIDAD EDITORA/PRODUCTORA
Código MARC del país dk
084 ## - OTRO NÚMERO DE CLASIFICACIÓN
Número de clasificación 314
Número de documento/Ítem .W63
-- 1865
100 1# - ENTRADA PRINCIPAL--NOMBRE DE PERSONA
Nombre de persona Cervantes Saavedra, Miguel de
Fechas asociadas al nombre 1547-1616
9 (RLIN) 213
245 10 - MENCIÓN DE TÍTULO
Título Den sindriige Adelsmand Don Quixote of la Manchas
Mención de responsabilidad, etc. Levnet og Bedrivter Af Miguel de Cervantes Saavedra.
260 ## - PUBLICACIÓN, DISTRIBUCIÓN, ETC.
Lugar de publicación, distribución, etc. Kjobenhaun
Nombre del editor, distribuidor, etc. Fr. Woldikes
Fecha de publicación, distribución, etc. 1865
300 ## - DESCRIPCIÓN FÍSICA
Extensión 2 v.
Otras características físicas il.
Dimensiones 20 cm.
500 ## - NOTA GENERAL
Nota general Contiene : v 1. Primera parte. Prólogo del autor. Versos preliminares. Texto. -- v 2. Segunda parte. Prólogo del autor. Texto
500 ## - NOTA GENERAL
Nota general Edición : Oversat af Charlotta Dorothea Biehl. Anden Udgave, reivideret af F. L. Liebenberg. Med Billeder af Professor W. Marstrand
500 ## - NOTA GENERAL
Nota general Segunda edición de la traducción danesa de Carlotta Dorothea Biehl, revisada por F. L. Liebenberg, e ilustrada con 21 láminas del Prof. W. Marstrand, litografiadas a dos tintas. Está irreprochablemente impresa en caracteres góticos y en buen papel. Las láminas son malas, tanto por la composición de las escenas como por la indumentaria de los personajes. Tela; lomos decorados con dorados Lúdovik Osterc
500 ## - NOTA GENERAL
Nota general Con ex-libris de : Escudo
500 ## - NOTA GENERAL
Nota general QM594
546 ## - NOTA DE LENGUA/LENGUAJE
Nota de lengua/lenguaje Texto en : danés
650 14 - PUNTO DE ACCESO ADICIONAL DE MATERIA--TÉRMINO DE MATERIA
Término de materia o nombre geográfico como elemento de entrada Novela española
Subdivisión cronológica Época clásica, 1500-1700
9 (RLIN) 215
650 14 - PUNTO DE ACCESO ADICIONAL DE MATERIA--TÉRMINO DE MATERIA
Término de materia o nombre geográfico como elemento de entrada Literatura española
Subdivisión cronológica Época clásica, 1500-1700
9 (RLIN) 216
650 14 - PUNTO DE ACCESO ADICIONAL DE MATERIA--TÉRMINO DE MATERIA
Término de materia o nombre geográfico como elemento de entrada Novela española
Subdivisión cronológica Siglo XVII
9 (RLIN) 217
650 14 - PUNTO DE ACCESO ADICIONAL DE MATERIA--TÉRMINO DE MATERIA
Término de materia o nombre geográfico como elemento de entrada Don Quijote (Personaje ficticio)
Término indicativo de función/relación Novela
9 (RLIN) 218
700 1# - PUNTO DE ACCESO ADICIONAL--NOMBRE DE PERSONA
Nombre de persona Biehl, Charlotta Dorothea
Fechas asociadas al nombre 1731-1788
Término indicativo de función/relación Traductor
9 (RLIN) 8278
700 1# - PUNTO DE ACCESO ADICIONAL--NOMBRE DE PERSONA
Nombre de persona Marstrand, Wilhelm
Fechas asociadas al nombre 1810-1873
Término indicativo de función/relación Ilustrador
9 (RLIN) 8279
740 0# - PUNTO DE ACCESO ADICIONAL--TÍTULO RELACIONADO O ANALÍTICO NO CONTROLADO
Título relacionado o analítico no controlado El Ingenioso Hidalgo Don Quijote de la Mancha
902 ## - CATALOGADOR
Iniciales QFM
942 ## - ELEMENTOS DE PUNTO DE ACCESO ADICIONAL (KOHA)
Fuente del sistema de clasificación o colocación Library of Congress Classification
Tipo de ítem Koha Libros
Holdings
Estado de retiro Estado de pérdida Estado dañado No para préstamo Localización permanente Ubicación/localización actual Fecha de adquisición Número de inventario Total de préstamos Signatura topográfica completa Código de barras Fecha visto por última vez Precio válido a partir de Tipo de ítem Koha
El ejemplar forma parte de la colección y puede ser consultado según las políticas vigentes.       Biblioteca del Museo Franz Mayer (Rogerio Casas-Alatriste) Biblioteca del Museo Franz Mayer (Rogerio Casas-Alatriste) 16/01/2009 QM594   314 .W63 1865 (QM594) 2988 22/03/2019 22/03/2019 Libros